Le bon peuple - Le Seigneur des Anneaux - Statistiques

Statistiques générales
  • Ce quiz a été pris 83 fois
  • Le résultat moyen est 61 sur 64
Statistiques - réponses
Question Tuile Select % Correct
Humains Elrond Non
100%
Humains Legolas Non
100%
Humains Frodon Non
99%
Humains Galadriel Non
99%
Elfes Aragorn Non
97%
Nains Aragorn Non
97%
Nains Arwen Non
97%
Humains Déagol Non
97%
Nains Déagol Non
97%
Humains Dwalin Non
97%
Elfes Elrond Oui
97%
Nains Elrond Non
97%
Hobbits Elrond Non
97%
Nains Faramir Non
97%
Hobbits Faramir Non
97%
Elfes Frodon Non
97%
Nains Frodon Non
97%
Hobbits Galadriel Non
97%
Humains Gimli Non
97%
Elfes Gimli Non
97%
Elfes Grima Non
97%
Hobbits Grima Non
97%
Hobbits Legolas Non
97%
Humains Samsagace Non
97%
Nains Samsagace Non
97%
Humains Théoden Oui
97%
Nains Théoden Non
97%
Hobbits Théoden Non
97%
Hobbits Thorin Non
97%
Hobbits Thror Non
97%
Hobbits Aragorn Non
96%
Humains Arwen Non
96%
Hobbits Arwen Non
96%
Elfes Déagol Non
96%
Hobbits Dwalin Non
96%
Humains Faramir Oui
96%
Elfes Faramir Non
96%
Hobbits Frodon Oui
96%
Nains Galadriel Non
96%
Nains Gimli Oui
96%
Hobbits Gimli Non
96%
Nains Legolas Non
96%
Nains Meriadoc Non
96%
Elfes Samsagace Non
96%
Elfes Théoden Non
96%
Humains Thorin Non
96%
Elfes Thorin Non
96%
Humains Thror Non
96%
Elfes Thror Non
96%
Humains Aragorn Oui
94%
Elfes Arwen Oui
94%
Elfes Dwalin Non
94%
Elfes Legolas Oui
94%
Humains Meriadoc Non
94%
Elfes Meriadoc Non
94%
Nains Grima Non
92%
Elfes Galadriel Oui
90%
Hobbits Samsagace Oui
89%
Nains Dwalin Oui
88%
Nains Thorin Oui
86%
Hobbits Meriadoc Oui
82%
Hobbits Déagol Oui
81%
Humains Grima Oui
81%
Nains Thror Oui
79%
Aucun quiz correspondant
Distribution des résultats
% des personnes avec chaque résultat
Percentile par nombre de réponses
Votre historique - résultats
Vous n’avez pas pris ce quiz